000 00686nam a22001937a 4500
003 OSt
005 20251117161137.0
008 251117b |||||||| |||| 00| 0 eng d
020 _a971-0358-32-8.
040 _aDWCL-Main lib
_cOC
082 _aSC. 331.256 P657 2007
245 _aPinoy at work :
_bselected articles from the column people at work pulse/
260 _aManila:
_bOffice of the Research and Publications, Loyola Schools, Ateneo de Manila University,
_cc2007.
300 _a131 p. :
_billustrations;
_c19 centimeters
650 _a1. Wok environment-Philippines.
650 _a2. Work ethics-Philippines.
650 _a3. Work-Philippines.
942 _2ddc
_cSC
_hSC.
_n0
999 _c5729
_d5729